000 00285nam a22001337a 4500
008 170203b xxu||||| |||| 00| 0 eng d
020 _a0871892774
041 _aeng
080 _a61
100 _a3
101 _aSHM
245 _aACHIEVING EXCELLENCE
_cBASSETT, L.C
942 _2udc
_cBK
999 _c4416
_d4416